Szczegóły MARC21

Bankowość hipoteczna i rynek nieruchomości /

003 -Nazwa inst., której nr kontr. jest w polu 001 [,]
    • @
    • Nazwa instytucji, której n kontrolny jest w polu 001
    • NUKAT
005 -DATA I CZAS OSTATNIEJ MODYFIKACJI [,]
    • @
    • pole kontrolne
    • 20241231104830.0
020 -Międzynarod. znormalizowany nr książki - ISBN [ , ]
    • a
    • Numer ISBN
    • 9788387251611 Find
040 -Instytucja sporządzająca opis [ , ]
    • a
    • Instytucja, która sporządziła opis (NP)
    • WA U/88GRY
    • c
    • Instytucja, która sporządziła rekord (NP)
    • WA U/GRY
    • d
    • Instytucja, która zmodyfikowała rekord (P)
    • WA U/88BA
    • d
    • Instytucja, która zmodyfikowała rekord (P)
    • WA U/88OBs
942 -Rodzaj dokumentu [ , ]
    • c
    • Rodzaj dokumentu
    • Książka
100 -Hasło główne - nazwa osobowa [1, ]
    • a
    • Nazwa osobowa (NP)
    • Sitek, Marcin.
    • 9
    • KHW
    • 680114
245 -Strefa tytułu i oznaczenia odpowiedzialności [1,0]
    • a
    • Tytuł
    • Bankowość hipoteczna i rynek nieruchomości / Find
    • c
    • Pozostałe elementy strefy tytułu i oznaczenia odpowiedzialności (NP)
    • Marcin Sitek.
260 -Strefa adresu wydawniczego [ , ]
    • a
    • Miejsce wydania (P)
    • Warszawa :
    • b
    • Nazwa wydawcy (P)
    • Wydawnictwo Key Text,
    • c
    • Data wydania (P)
    • 2010.
300 -Strefa opisu fizycznego [ , ]
    • a
    • Określenie formy książki i/lub objętość (NP)
    • 229 s. :
    • b
    • Oznaczenie ilustracji (NP)
    • il. ;
    • c
    • Format (NP)
    • 24 cm.
336 -Typ zawartości [ , ]
    • a
    • Termin opisujący typ zawartości
    • Tekst
    • b
    • Kod określający zawartość
    • txt
    • 2
    • Źródło (terminu i kodu)
    • rdacontent
337 -Typ mediów [ , ]
    • a
    • Tryb odtwarzania
    • Bez urządzenia pośredniczącego
    • b
    • Kod typu mediów
    • n
    • 2
    • Źródło (terminu i kodu)
    • rdamedia
338 -Typ/rodzaj nośnika [ , ]
    • a
    • Hasło opisujące typ nośnika
    • Wolumin
    • b
    • Kod typu nośnika
    • nc
    • 2
    • Źródło (terminu i kodu)
    • rdacarrier
504 -Uwaga dot. bibliogr. załącznikowej [ , ]
    • a
    • Uwaga dot. bibliografii załącznikowej
    • Bibliogr. s. 219-229.
521 -Uwaga dot. przeznaczenia czytelniczego [8, ]
    • a
    • Uwaga dot. przeznaczenia czytelniczego
    • Ks. adresowana do praktyków, działających na rynku nieruchomości i bankowości, wykładowców i studentów uczelni ekonomicznych oraz osób zainteresowanych finansowaniem rynku nieruchomości.
080 -Uniwersalna Klasyfikacja Dziesiętna [ , ]
    • 2
    • Identyfikator wydania tablic
    • UDC-P058
    • 9
    • UKD
    • 3165
    • a
    • Symbol klasyfikacji
    • 336.71
    • b
    • Dopowiedzenie
    • Bankowość. Banki.
    • 4
    • UKD2
    • 7642
    • x
    • Poddział wspólny
    • (438)
    • c
    • Dopowiedzenie poddz. wspólnego
    • (Polska).
080 -Uniwersalna Klasyfikacja Dziesiętna [ , ]
    • 2
    • Identyfikator wydania tablic
    • UDC-P058
    • 9
    • UKD
    • 3070
    • a
    • Symbol klasyfikacji
    • 332.72
    • b
    • Dopowiedzenie
    • Rynek nieruchomości.
    • 4
    • UKD2
    • 7642
    • x
    • Poddział wspólny
    • (438)
    • c
    • Dopowiedzenie poddz. wspólnego
    • (Polska).
080 -Uniwersalna Klasyfikacja Dziesiętna [ , ]
    • 2
    • Identyfikator wydania tablic
    • UDC-P058
    • 9
    • UKD
    • 3202
    • a
    • Symbol klasyfikacji
    • 336.77
    • b
    • Dopowiedzenie
    • Kredyt. Funkcje ekonomiczne kredytu. Pożyczki.
080 -Uniwersalna Klasyfikacja Dziesiętna [ , ]
    • 2
    • Identyfikator wydania tablic
    • UDC-P058
    • 9
    • UKD
    • 3066
    • a
    • Symbol klasyfikacji
    • 332.2
    • b
    • Dopowiedzenie
    • Własność ziemi z gospodarczego punktu widzenia. Własność prywatna. Własność publiczna. Własność społeczna. Wywłaszczanie ziemi. Ziemia bezpańska
650 -Hasło przedmiotowe [ ,7]
    • a
    • Hasło przedmiotowe
    • Pożyczki hipoteczne
    • z
    • Określnik geograficzny
    • Polska
    • y
    • Określnik chronologiczny
    • 1990-.
    • 2
    • Źródło terminu
    • kaba
    • 9
    • KHW
    • 357750
650 -Hasło przedmiotowe [ ,7]
    • a
    • Hasło przedmiotowe
    • Banki hipoteczne
    • z
    • Określnik geograficzny
    • Polska.
    • 2
    • Źródło terminu
    • kaba
    • 9
    • KHW
    • 381646
650 -Hasło przedmiotowe [ ,7]
    • a
    • Hasło przedmiotowe
    • Nieruchomości
    • z
    • Określnik geograficzny
    • Polska
    • y
    • Określnik chronologiczny
    • 1990-.
    • 2
    • Źródło terminu
    • kaba
    • 9
    • KHW
    • 382161
650 -Hasło przedmiotowe [ ,7]
    • a
    • Hasło przedmiotowe
    • Inwestowanie w nieruchomości
    • z
    • Określnik geograficzny
    • Polska
    • y
    • Określnik chronologiczny
    • 1990-.
    • 2
    • Źródło terminu
    • kaba
    • 9
    • KHW
    • 363990
980 -Symbol UKD [ , ]
    • a
    • UKD
    • 336.71:332.72](438):336.77:332.2
920 -ISBN [ , ]
    • a
    • ISBN
    • 978-83-87251-61-1 Find
Numer inwentarzowy Data inwentaryzacji Status udost. Sygnatura Lokalizacja
SA.198782011-04-111SA.19878BSA